• 首页
  • 本馆介绍
  • 公告通知
  • 最新文献
  • 馆藏检索
  • 电子资源
  • 读者导购
  • 参考咨询
  • 我的图书馆
  • 登录
  • 详细信息显示
  • 放入我的书架
  • 预约/预借图书
  • 作者相关作品
  • 分类相关作品
  • 丛书相关作品
  • 出版社相关作品

书目信息

  • 表格格式
  • 工作单格式
  • 卡片格式
题名:
教育政策媒体话语研究
    
 
作者: 徐志勇 著
分册:  
出版信息: 北京   清华大学出版社  2014.02
页数: 10,191页
开本: 24cm
丛书名:
单 册:
中图分类: G510
科图分类:
主题词: 传播媒介--作用--教育政策--研究 , 传播媒介 , 教育政策
电子资源:
ISBN: 978-7-302-34798-9
000 01021nam0 2200265 450
001 0120141255477
005 20151231085612.65
010    @a978-7-302-34798-9@dCNY29.00
100    @a20140317d2014 em y0chiy0110 ea
101 0  @achi@deng
102    @aCN@b110000
105    @aak z 000yy
106    @ar
200 1  @a教育政策媒体话语研究@9jiao yu zheng ce mei ti hua yu yan jiu@f徐志勇著
210    @a北京@c清华大学出版社@d2014.02
215    @a10,191页@c图@d24cm
330    @a本书以《中国教育报》《中国青年报》和搜狐网站教育论坛(BBS)三种媒体关于国家“治理教育乱收费”政策议题的报道、讨论和论述为典型案例,运用“框架分析”这一量化的定性研究方法,从文本、话语行为和政策过程三个角度,对大众媒体报道、反映教育政策问题时所展现出来的媒体话语构成和话语特征进行了经验性分析。
333    @a教育研究者
606 0  @a传播媒介@x作用@x教育政策@x研究
606 0  @a传播媒介
606 0  @a教育政策
690    @aG510@v5
701  0 @a徐志勇@9xu zhi yong@4著
801  0 @aCN@b人天书店@c20140320
905    @b875111-13@dG510@e80@f3
    
    教育政策媒体话语研究/徐志勇著.-北京:清华大学出版社,2014.02
    10,191页:图;24cm
    使用对象:教育研究者
    
    ISBN 978-7-302-34798-9:CNY29.00
    本书以《中国教育报》《中国青年报》和搜狐网站教育论坛(BBS)三种媒体关于国家“治理教育乱收费”政策议题的报道、讨论和论述为典型案例,运用“框架分析”这一量化的定性研究方法,从文本、话语行为和政策过程三个角度,对大众媒体报道、反映教育政策问题时所展现出来的媒体话语构成和话语特征进行了经验性分析。
●
相关链接 在E读中查询图书 在五车中查询图书 在当当中查询图书 在豆瓣中查询图书


正题名:教育政策媒体话语研究     索取号:G510/80         预约/预借

序号 登录号 条形码 馆藏地/架位号 状态 备注
1 875111   208751117   学院路分馆/ [索取号:G510/80] 在馆    
2 875112   208751126   学院路分馆/ [索取号:G510/80] 在馆    
3 875113   208751135   学院路分馆/ [索取号:G510/80] 在馆    
唐山师范学院图书馆 欢迎您!
大连网信软件有限公司© 版权所有